Fish Quiz - Statistics

General Stats
  • This quiz has been taken 28 times
  • The average score is 11 of 16
Answer Stats
Picture Answer % Correct
Clownfish
96%
Goldfish
92%
Salmon
92%
Great White Shark
88%
Pufferfish
88%
Seahorse
88%
Tuna
83%
Stingray
79%
Carp
63%
Moray Eel
63%
Blue Tang
54%
Sawfish
54%
Angelfish
46%
Triggerfish
38%
Cod
33%
Discus
33%
No matching quizzes found
Score Distribution
Percent of People with Each Score
Percentile by Number Answered
Your Score History
You have not taken this quiz